[Event "Quebec op"]
[Site "Montreal CAN"]
[Date "2001.07.23"]
[Round "4"]
[White "Belanger, Jacques"]
[Black "Chu, Stefanie"]
[Result "1/2-1/2"]
[WhiteElo "2173"]
[BlackElo "2020"]
[PlyCount "47"]
[GameId "2160767911555474"]
[EventDate "2001.07.21"]
[EventType "swiss"]
[EventRounds "9"]
[EventCountry "CAN"]
[SourceTitle "EXT 2002"]
[Source "ChessBase"]
[SourceDate "2001.11.25"]
[SourceVersion "1"]
[SourceVersionDate "2001.11.25"]
[SourceQuality "1"]

1. e4 c5 2. Nf3 d6 3. d4 cxd4 4. Nxd4 Nf6 5. Nc3 a6 6. Bg5 e6 7. f4 Nc6 8. Qd2 h6 9. Bxf6 Qxf6 10. Nxc6 bxc6 11. Bc4 Rb8 12. O-O Qd8 13. f5 Be7 14. fxe6 Bxe6 15. Bxe6 fxe6 16. e5 dxe5 17. Qe2 Bf6 18. Qh5+ Ke7 19. Rad1 Qb6+ 20. Kh1 Qxb2 21. Qg6 Rhd8 22. Rxf6 gxf6 23. Qg7+ Ke8 24. Qg8+ 1/2-1/2

[Event "Quebec op"]
[Site "Montreal CAN"]
[Date "2001.07.23"]
[Round "4"]
[White "Fortier, Marc-Andre"]
[Black "Chabot, Roland"]
[Result "0-1"]
[WhiteElo "2073"]
[BlackElo "2245"]
[PlyCount "76"]
[GameId "2160767911555475"]
[EventDate "2001.07.21"]
[EventType "swiss"]
[EventRounds "9"]
[EventCountry "CAN"]

1. e4 c5 2. Nc3 a6 3. g3 b5 4. Bg2 Bb7 5. Nh3 e6 6. O-O d6 7. d3 Nc6 8. f4 Nf6 9. f5 b4 10. Ne2 e5 11. c3 a5 12. Nf2 Be7 13. g4 h6 14. d4 cxd4 15. cxd4 Nd7 16. d5 Ncb8 17. a3 Na6 18. axb4 axb4 19. Ng3 Bh4 20. Qf3 f6 21. Rd1 Nac5 22. Rxa8 Qxa8 23. Bf1 Qa4 24. Ngh1 O-O 25. Re1 Ra8 26. Qh3 Bg5 27. Bxg5 fxg5 28. f6 Nxf6 29. Ng3 Bc8 30. Nh5 Ncd7 31. Ng3 Nf8 32. Rc1 Ng6 33. Ne2 Qa7 34. Bg2 Bxg4 35. Qd3 Bxe2 36. Qxe2 Nf4 37. Qb5 Ng4 38. Rf1 Nxg2 0-1

[Event "Quebec op"]
[Site "Montreal CAN"]
[Date "2001.07.23"]
[Round "4"]
[White "Gaspariants, Vladimir"]
[Black "Feoktistov, Dmitri"]
[Result "1/2-1/2"]
[WhiteElo "2305"]
[BlackElo "2009"]
[PlyCount "82"]
[GameId "2160767911555476"]
[EventDate "2001.07.21"]
[EventType "swiss"]
[EventRounds "9"]
[EventCountry "CAN"]
[SourceTitle "EXT 2002"]
[Source "ChessBase"]
[SourceDate "2001.11.25"]
[SourceVersion "1"]
[SourceVersionDate "2001.11.25"]
[SourceQuality "1"]

1. Nf3 Nf6 2. g3 b6 3. Bg2 Bb7 4. O-O e6 5. d3 d5 6. Nbd2 c5 7. Re1 Nc6 8. e4 Qc7 9. exd5 Nxd5 10. c3 Be7 11. a4 O-O 12. Qe2 Rfd8 13. Nc4 a6 14. Nfe5 Nxe5 15. Nxe5 Nf6 16. Bf4 Bxg2 17. Kxg2 Bd6 18. d4 cxd4 19. cxd4 Nd5 20. Rec1 Qb7 21. f3 Bxe5 22. dxe5 Nxf4+ 23. gxf4 Rac8 24. Kg3 g6 25. Rd1 a5 26. h4 h5 27. Rxd8+ Rxd8 28. Rd1 Rxd1 29. Qxd1 Qc6 30. Qd8+ Kg7 31. Qf6+ Kg8 32. f5 gxf5 33. Qg5+ Kf8 34. Qd8+ Kg7 35. Qg5+ Kf8 36. Qxh5 Qc1 37. Qh8+ Ke7 38. Qf6+ Ke8 39. h5 Qe1+ 40. Kh3 Qh1+ 41. Kg3 Qg1+ 1/2-1/2

[Event "Quebec op"]
[Site "Montreal CAN"]
[Date "2001.07.23"]
[Round "4"]
[White "Gilman, Arkadiy"]
[Black "Khaziyeva, Dinara"]
[Result "1-0"]
[WhiteElo "2115"]
[BlackElo "1880"]
[PlyCount "61"]
[GameId "2160767911555477"]
[EventDate "2001.07.21"]
[EventType "swiss"]
[EventRounds "9"]
[EventCountry "CAN"]

1. d4 Nf6 2. c4 Nc6 3. Nf3 e6 4. Nc3 Bb4 5. Qc2 O-O 6. Bg5 d6 7. Rd1 Qe7 8. e3 b6 9. Bd3 h6 10. Bh4 e5 11. d5 Nd4 12. exd4 exd4+ 13. Kf1 dxc3 14. a3 g5 15. Bg3 g4 16. Nd4 cxb2 17. axb4 Nh5 18. Qxb2 f5 19. Qe2 Qf6 20. Ne6 Re8 21. Re1 Ng7 22. f4 Rxe6 23. dxe6 Bxe6 24. Qd2 Re8 25. Rxe6 Rxe6 26. Be1 Qd4 27. Be2 Qe4 28. Rg1 Re8 29. g3 Ne6 30. Qd5 Qxe2+ 31. Kxe2 1-0

[Event "Quebec op"]
[Site "Montreal CAN"]
[Date "2001.07.23"]
[Round "4"]
[White "Grondin, Jean-Philippe"]
[Black "Barbeau, Sylvain"]
[Result "0-1"]
[WhiteElo "2261"]
[BlackElo "2365"]
[PlyCount "44"]
[GameId "2160767911555478"]
[EventDate "2001.07.21"]
[EventType "swiss"]
[EventRounds "9"]
[EventCountry "CAN"]
[SourceTitle "EXT 2002"]
[Source "ChessBase"]
[SourceDate "2001.11.25"]
[SourceVersion "1"]
[SourceVersionDate "2001.11.25"]
[SourceQuality "1"]

1. e4 e5 2. Nf3 Nc6 3. d4 exd4 4. Bc4 Nf6 5. Ng5 d5 6. exd5 Qe7+ 7. Qe2 Qxe2+ 8. Kxe2 Ne5 9. Bb3 h6 10. f4 Bg4+ 11. Kf2 hxg5 12. Re1 O-O-O 13. fxe5 Nxd5 14. Bxg5 f6 15. exf6 gxf6 16. Bxd5 Rxd5 17. Re8+ Kd7 18. Rd8+ Kxd8 19. Bxf6+ Be7 20. Bxh8 Rf5+ 21. Kg3 Bd1 22. h4 Bd6+ 0-1

[Event "Quebec op"]
[Site "Montreal CAN"]
[Date "2001.07.23"]
[Round "4"]
[White "Luksza, Arkadiusz"]
[Black "Plante, Michel"]
[Result "1-0"]
[WhiteElo "2241"]
[BlackElo "1975"]
[PlyCount "63"]
[GameId "2160767911555480"]
[EventDate "2001.07.21"]
[EventType "swiss"]
[EventRounds "9"]
[EventCountry "CAN"]

1. c4 e6 2. g3 d5 3. Bg2 c6 4. Qc2 Bd6 5. Nf3 Nd7 6. O-O Ngf6 7. d4 O-O 8. Nbd2 Re8 9. e4 Nxe4 10. Nxe4 dxe4 11. Qxe4 e5 12. Qc2 exd4 13. Nxd4 Qf6 14. Be3 Ne5 15. c5 Bf8 16. h3 Bd7 17. Rad1 Rad8 18. Qc1 h6 19. f4 Ng6 20. b4 Ne7 21. Nf3 Be6 22. Bd4 Qg6 23. Kh2 Bxa2 24. Ne5 Qe6 25. Rfe1 Qc8 26. Qa3 Bd5 27. Qxa7 Nf5 28. Bf2 Bxg2 29. Kxg2 Qc7 30. Qa2 Ra8 31. Qb3 h5 32. Rd7 1-0

[Event "Quebec op"]
[Site "Montreal CAN"]
[Date "2001.07.23"]
[Round "4"]
[White "Masse, Hugues"]
[Black "Mikanovic, Goran"]
[Result "0-1"]
[WhiteElo "2144"]
[BlackElo "2343"]
[PlyCount "102"]
[GameId "2160767911555481"]
[EventDate "2001.07.21"]
[EventType "swiss"]
[EventRounds "9"]
[EventCountry "CAN"]

1. d4 Nf6 2. c4 e6 3. Nc3 Bb4 4. e3 O-O 5. Bd3 c5 6. Nf3 d5 7. O-O Nc6 8. a3 Bxc3 9. bxc3 Qc7 10. Qc2 Na5 11. Ne5 dxc4 12. Nxc4 Nxc4 13. Bxc4 Bd7 14. Bd2 Rac8 15. Rfc1 e5 16. Qd3 e4 17. Qe2 Bg4 18. Qe1 Qd7 19. Be2 c4 20. Bxg4 Qxg4 21. Rcb1 Qd7 22. a4 Nd5 23. a5 Rfe8 24. Qd1 Re7 25. Qa4 Rc6 26. Rb2 a6 27. Rab1 Qc8 28. Qd1 f5 29. Kh1 Rh6 30. Qe2 Qc7 31. h3 Qc8 32. Kg1 Rg6 33. Kh1 h6 34. Qh5 Kh7 35. Qe2 Rc7 36. f4 Qd7 37. Qd1 Qf7 38. Kh2 Qd7 39. Kh1 Qe7 40. Qc1 Qf7 41. Kh2 Re6 42. Qe1 g5 43. g3 Rg6 44. Qd1 gxf4 45. gxf4 Rg7 46. Qe1 Qh5 47. Qf2 Nf6 48. Qf1 Ng4+ 49. Kh1 Nf2+ 50. Kh2 Qf3 51. Qg1 Qxh3# 0-1

[Event "Quebec op"]
[Site "Montreal CAN"]
[Date "2001.07.23"]
[Round "4"]
[White "Moisan-Plante, Marc-Olivier"]
[Black "Lemieux, Serge"]
[Result "1-0"]
[WhiteElo "2110"]
[BlackElo "1503"]
[PlyCount "51"]
[GameId "2160767911555482"]
[EventDate "2001.07.21"]
[EventType "swiss"]
[EventRounds "9"]
[EventCountry "CAN"]

1. e4 g6 2. d4 d6 3. c4 Nf6 4. Nc3 Bg7 5. f4 e6 6. Nf3 h6 7. Be2 O-O 8. O-O b6 9. Qc2 Re8 10. e5 Nh7 11. Qe4 d5 12. cxd5 Bb7 13. Bc4 exd5 14. Bxd5 c6 15. Bb3 Nf8 16. f5 g5 17. h4 Nh7 18. hxg5 hxg5 19. f6 Nxf6 20. Qf5 Bc8 21. Qxg5 Nh7 22. Qg3 Kh8 23. Bxf7 Re7 24. Bg5 Nxg5 25. Qxg5 Qf8 26. Nh4 1-0

[Event "Quebec op"]
[Site "Montreal CAN"]
[Date "2001.07.23"]
[Round "4"]
[White "Oral, Tomas"]
[Black "Linskiy, Oleg"]
[Result "1-0"]
[WhiteElo "2540"]
[BlackElo "2412"]
[PlyCount "77"]
[GameId "2160767911555483"]
[EventDate "2001.07.21"]
[EventType "swiss"]
[EventRounds "9"]
[EventCountry "CAN"]
[SourceTitle "EXT 2002"]
[Source "ChessBase"]
[SourceDate "2001.11.25"]
[SourceVersion "1"]
[SourceVersionDate "2001.11.25"]
[SourceQuality "1"]

1. e4 c5 2. Nf3 Nf6 3. e5 Nd5 4. Nc3 Nxc3 5. dxc3 Nc6 6. Bf4 Qc7 7. Qe2 e6 8. O-O-O Qa5 9. Kb1 Rb8 10. c4 a6 11. Qd2 Qc7 12. Qe3 b5 13. Nd2 Qa5 14. h4 Nb4 15. a3 Nc6 16. Rh3 Qa4 17. Ne4 Nd4 18. Rxd4 cxd4 19. Qxd4 bxc4 20. Nd6+ Bxd6 21. Qxd6 Qb5 22. Rb3 Rb6 23. Qxb6 Qd5 24. Bxc4 Qxc4 25. Rc3 Qf1+ 26. Ka2 O-O 27. Qb8 Qb5 28. Qxc8 g5 29. Qc4 Qxc4+ 30. Rxc4 gxf4 31. Rxf4 Rc8 32. c4 Rc5 33. Re4 f5 34. Rd4 Rxe5 35. Rxd7 Re2 36. Kb3 Rxf2 37. c5 Kf8 38. c6 Ke8 39. Rd1 1-0

[Event "Quebec op"]
[Site "Montreal CAN"]
[Date "2001.07.23"]
[Round "4"]
[White "Poulin, Maurice"]
[Black "Bolduc, Steve"]
[Result "1-0"]
[WhiteElo "2024"]
[BlackElo "2296"]
[PlyCount "79"]
[GameId "2160767911555484"]
[EventDate "2001.07.21"]
[EventType "swiss"]
[EventRounds "9"]
[EventCountry "CAN"]

1. e4 c6 2. Nc3 d5 3. Nf3 Bg4 4. h3 Bh5 5. g4 Bg6 6. exd5 cxd5 7. Bb5+ Nc6 8. Ne5 Rc8 9. d4 e6 10. h4 f6 11. Nxg6 hxg6 12. Qd3 f5 13. gxf5 gxf5 14. Qg3 Qf6 15. Ne2 Kd7 16. Bf4 a6 17. Bxc6+ Rxc6 18. O-O-O Qf7 19. Kb1 Nf6 20. Qb3 b5 21. f3 Bd6 22. Bxd6 Kxd6 23. Nf4 Qa7 24. Qa3+ Kd7 25. Ng6 Re8 26. Ne5+ Kc7 27. Nxc6 Kxc6 28. Rhg1 Re7 29. Rd3 Kd7 30. Qb4 Ke8 31. a4 Qb8 32. Qa5 Kf7 33. axb5 axb5 34. Qd2 f4 35. Qg2 Kg8 36. Qg6 b4 37. Qxf6 Ra7 38. Qxe6+ Kh7 39. Qg6+ Kh8 40. Qh5+ 1-0

[Event "Quebec op"]
[Site "Montreal CAN"]
[Date "2001.07.23"]
[Round "4"]
[White "Rozentalis, Eduardas"]
[Black "Turov, Maxim"]
[Result "0-1"]
[WhiteElo "2588"]
[BlackElo "2550"]
[PlyCount "50"]
[GameId "2160767911555487"]
[EventDate "2001.07.21"]
[EventType "swiss"]
[EventRounds "9"]
[EventCountry "CAN"]
[SourceTitle "EXT 2002"]
[Source "ChessBase"]
[SourceDate "2001.11.25"]
[SourceVersion "1"]
[SourceVersionDate "2001.11.25"]
[SourceQuality "1"]

1. e4 e5 2. Nf3 Nf6 3. d4 Nxe4 4. Bd3 d5 5. Nxe5 Nd7 6. O-O Nxe5 7. dxe5 Nc5 8. Nc3 c6 9. f4 f5 10. exf6 Qxf6 11. f5 Nxd3 12. Qxd3 Be7 13. Ne2 O-O 14. Ng3 Qf7 15. Be3 b6 16. Bd4 Bd7 17. Rf4 c5 18. Be5 Bg5 19. Rff1 Rae8 20. Rae1 d4 21. Qf3 Bb5 22. Ne4 Be3+ 23. Rxe3 Rxe5 24. Qh3 dxe3 25. Ng5 Qg6 0-1

[Event "Quebec op"]
[Site "Montreal CAN"]
[Date "2001.07.23"]
[Round "4"]
[White "Smith, Andrew"]
[Black "Ouellet-Leveille, Clement"]
[Result "0-1"]
[WhiteElo "1922"]
[BlackElo "1868"]
[PlyCount "134"]
[GameId "2160767911555489"]
[EventDate "2001.07.21"]
[EventType "swiss"]
[EventRounds "9"]
[EventCountry "CAN"]

1. e4 e5 2. Nf3 Nf6 3. Nc3 Nc6 4. d4 exd4 5. Nxd4 Bb4 6. Nxc6 bxc6 7. Qd4 Qe7 8. Bd3 c5 9. Qe3 c4 10. Bxc4 Nxe4 11. O-O Nxc3 12. Bxf7+ Kd8 13. bxc3 Qxe3 14. Bxe3 Bxc3 15. Bg5+ Bf6 16. Bxf6+ gxf6 17. Rab1 Ba6 18. Rfe1 c6 19. f4 Kc7 20. Re7 Kd6 21. Rbe1 Rab8 22. Bb3 h5 23. Rf7 Rbd8 24. Rxf6+ Kc5 25. Re5+ d5 26. Ree6 Rc8 27. Re7 Rce8 28. Rfe6 Rxe7 29. Rxe7 Bc4 30. Rxa7 Bxb3 31. cxb3 Kb4 32. Re7 d4 33. Kf2 Ra8 34. Re2 d3 35. Rd2 Kc3 36. Ke1 c5 37. g3 Re8+ 38. Kd1 Re3 39. Rf2 Re8 40. f5 c4 41. f6 cxb3 42. f7 Rf8 43. Rd2 bxa2 44. Rxa2 Rxf7 45. Ra3+ Kd4 46. Ra8 Rf1+ 47. Kd2 Rf2+ 48. Kd1 Rxh2 49. Rd8+ Ke3 50. Re8+ Kf3 51. Rd8 d2 52. Rg8 Rg2 53. Rh8 Kg4 54. Rg8+ Kf5 55. Rf8+ Kg6 56. Rg8+ Kf6 57. Rf8+ Kg7 58. Rd8 Rxg3 59. Kxd2 Kf6 60. Ke2 Ra3 61. Kf2 Kg5 62. Kg2 Kg4 63. Rg8+ Kh4 64. Rh8 Ra2+ 65. Kh1 Kg3 66. Rg8+ Kh3 67. Rg1 Rh2# 0-1

[Event "Quebec op"]
[Site "Montreal CAN"]
[Date "2001.07.23"]
[Round "4"]
[White "Soudre, Nicolas"]
[Black "Beaulieu, Pierre"]
[Result "0-1"]
[WhiteElo "2116"]
[BlackElo "2059"]
[PlyCount "136"]
[GameId "2160767911555490"]
[EventDate "2001.07.21"]
[EventType "swiss"]
[EventRounds "9"]
[EventCountry "CAN"]

1. e4 b6 2. d4 Bb7 3. Bd3 e6 4. c3 c5 5. Ne2 Nf6 6. f3 Be7 7. Be3 Nc6 8. Nd2 a6 9. Rc1 d6 10. O-O O-O 11. Qe1 e5 12. d5 Nb8 13. g4 Ne8 14. Ng3 Bh4 15. Qe2 Bxg3 16. hxg3 b5 17. Qh2 f6 18. f4 Nd7 19. f5 Rf7 20. Kg2 Nf8 21. Rh1 h6 22. Nf3 Nh7 23. Bxh6 gxh6 24. Qxh6 Rg7 25. Nh4 c4 26. Be2 Ng5 27. Qh8+ Kf7 28. Ng6 Nc7 29. Qh5 Qg8 30. Nxe5+ Ke7 31. Ng6+ Kd7 32. Nf4 Nxd5 33. exd5 Bxd5+ 34. Nxd5 Qxd5+ 35. Kf1 Rh7 36. Qxh7+ Nxh7 37. Rxh7+ Kc6 38. Rd1 Qe4 39. Rd4 Qe3 40. Rh2 Re8 41. a4 d5 42. axb5+ axb5 43. Rd1 Qxg3 44. Rf2 Re3 45. Rd4 Qh3+ 46. Ke1 Qh4 47. Rdf4 Qg5 48. Kd1 Kc5 49. Rd4 Qh4 50. Rf1 Qg3 51. Rd2 Re8 52. Bf3 Rd8 53. Rd4 b4 54. Kc2 b3+ 55. Kb1 Qh2 56. Rc1 Qb8 57. Rcd1 Qa7 58. Rxd5+ Rxd5 59. Rxd5+ Kb6 60. Rd6+ Kc7 61. Rd1 Qa2+ 62. Kc1 Qa1+ 63. Kd2 Qxb2+ 64. Ke3 Qxc3+ 65. Ke2 Qe5+ 66. Kf2 c3 67. Re1 Qd4+ 68. Kg2 c2 0-1

[Event "Quebec op"]
[Site "Montreal CAN"]
[Date "2001.07.23"]
[Round "4"]
[White "St Amand, Paul Jr"]
[Black "Michaud, Gerald"]
[Result "1/2-1/2"]
[WhiteElo "2126"]
[BlackElo "1943"]
[PlyCount "74"]
[GameId "2160767911555491"]
[EventDate "2001.07.21"]
[EventType "swiss"]
[EventRounds "9"]
[EventCountry "CAN"]

1. e4 e6 2. d4 d5 3. e5 c5 4. c3 Nc6 5. Nf3 Qb6 6. a3 c4 7. g3 f6 8. exf6 Nxf6 9. Bg2 Bd6 10. O-O O-O 11. Qe2 Bd7 12. Ne5 Rae8 13. f4 Bc8 14. Kh1 Na5 15. Nd2 Qc7 16. Rb1 Kh8 17. Ndf3 Ne4 18. Be3 Nc6 19. Rbe1 Qe7 20. Nd2 Nxd2 21. Bxd2 Bxe5 22. fxe5 Rxf1+ 23. Rxf1 Rf8 24. Qh5 Rxf1+ 25. Bxf1 Kg8 26. Bg5 Qf7 27. Be2 Qxh5 28. Bxh5 h6 29. Be3 Bd7 30. Kg2 Kh7 31. Kf2 g6 32. Bg4 Nd8 33. Bd1 b5 34. Bc2 Kg7 35. h4 Be8 36. g4 a5 37. Bd2 a4 1/2-1/2

[Event "Quebec op"]
[Site "Montreal CAN"]
[Date "2001.07.23"]
[Round "4"]
[White "Trottier, Julie"]
[Black "Dubuc, Gabriel"]
[Result "1-0"]
[WhiteElo "1967"]
[BlackElo "2023"]
[PlyCount "77"]
[GameId "2160767911555493"]
[EventDate "2001.07.21"]
[EventType "swiss"]
[EventRounds "9"]
[EventCountry "CAN"]

1. d4 d5 2. c4 e6 3. Nf3 Be7 4. g3 Nf6 5. Bg2 Nbd7 6. Nc3 O-O 7. O-O c6 8. Qc2 Re8 9. b3 Bf8 10. Bb2 g6 11. e4 dxe4 12. Nxe4 Bg7 13. Nd6 Re7 14. Ba3 c5 15. dxc5 Qa5 16. Nb5 Re8 17. b4 Qd8 18. Rad1 a6 19. Nd6 Rf8 20. Rfe1 Qc7 21. Bb2 a5 22. a3 axb4 23. axb4 Ra2 24. Qb3 Ra8 25. Ne5 Nxe5 26. Bxe5 Qe7 27. Nxb7 Bxb7 28. Bd6 Qd7 29. Bxf8 Qc8 30. Bxb7 Qxb7 31. Bxg7 Kxg7 32. Qc3 Ra2 33. Re3 Qa8 34. b5 e5 35. Qxe5 Qa4 36. Rd6 Rc2 37. Qxf6+ Kh6 38. Qf4+ Kg7 39. Rd7 1-0

[Event "Quebec op"]
[Site "Montreal CAN"]
[Date "2001.07.23"]
[Round "4"]
[White "Trottier, Yves"]
[Black "Robichaud, Louis"]
[Result "1/2-1/2"]
[WhiteElo "2009"]
[BlackElo "2169"]
[PlyCount "37"]
[GameId "2160767911555494"]
[EventDate "2001.07.21"]
[EventType "swiss"]
[EventRounds "9"]
[EventCountry "CAN"]

1. e4 e5 2. Nf3 Nc6 3. d4 exd4 4. Nxd4 Bc5 5. Be3 Qf6 6. c3 Nge7 7. Bc4 Ne5 8. Be2 Qg6 9. O-O d6 10. f3 O-O 11. Nd2 Bh3 12. Rf2 f5 13. exf5 Nxf5 14. Nxf5 Bxf5 15. Bxc5 dxc5 16. f4 Ng4 17. Bxg4 Bxg4 18. Qb3+ Qe6 19. Qxe6+ 1/2-1/2

[Event "Quebec op"]
[Site "Montreal CAN"]
[Date "2001.07.24"]
[Round "5"]
[White "Barbeau, Sylvain"]
[Black "Bannon, Eric"]
[Result "1-0"]
[WhiteElo "2490"]
[BlackElo "2160"]
[PlyCount "83"]
[GameId "2160767911555496"]
[EventDate "2001.07.21"]
[EventType "swiss"]
[EventRounds "9"]
[EventCountry "CAN"]

1. e4 c5 2. Nc3 Nc6 3. g3 g6 4. Bg2 Bg7 5. d3 d6 6. Be3 Nf6 7. h3 O-O 8. Qd2 Rb8 9. a4 a6 10. Nf3 Ne8 11. O-O Nc7 12. Bh6 Ne6 13. Bxg7 Kxg7 14. Nd5 Ned4 15. Nxd4 Nxd4 16. f4 e6 17. Ne3 f5 18. a5 Bd7 19. Ra3 Nb5 20. Ra2 Nd4 21. Ra3 Nb5 22. Ra2 Nd4 23. b4 Qc7 24. c3 Nb5 25. exf5 gxf5 26. Nc4 Kf7 27. Qe1 Rg8 28. Rf3 Rg6 29. Re3 cxb4 30. cxb4 Bc6 31. Kh2 Bxg2 32. Rxg2 Qc6 33. Rc2 Qd5 34. Nb6 Qb3 35. Rc4 Rbg8 36. Qe2 Rh6 37. d4 Qb1 38. d5 Rgg6 39. Qg2 exd5 40. Qxd5+ Re6 41. Qxb7+ Kf6 42. Nd5+ 1-0

[Event "Quebec op"]
[Site "Montreal CAN"]
[Date "2001.07.24"]
[Round "5"]
[White "Beaulieu, Pierre"]
[Black "Gaspariants, Vladimir"]
[Result "0-1"]
[WhiteElo "2059"]
[BlackElo "2239"]
[PlyCount "70"]
[GameId "2160767911555497"]
[EventDate "2001.07.21"]
[EventType "swiss"]
[EventRounds "9"]
[EventCountry "CAN"]

1. e4 g6 2. Nf3 Bg7 3. Bc4 e6 4. Qe2 Ne7 5. d3 O-O 6. c3 c5 7. Bg5 h6 8. Be3 d5 9. Bb3 b6 10. h4 e5 11. h5 g5 12. Nxg5 c4 13. dxc4 d4 14. Bd2 hxg5 15. Bxg5 Kh7 16. cxd4 f6 17. Bd2 exd4 18. e5 f5 19. Bc2 Nd7 20. f4 Nc5 21. Bd3 Bb7 22. h6 Bh8 23. Rg1 Nxd3+ 24. Qxd3 Be4 25. Qe2 Nc6 26. Qf2 Rg8 27. Na3 a6 28. O-O-O d3 29. Kb1 Nd4 30. g3 Ne2 31. Be3 Nxg1 32. Bxb6 Nh3 33. Qc5 Rc8 34. Qa5 Qd7 35. Qe1 d2+ 0-1

[Event "Quebec op"]
[Site "Montreal CAN"]
[Date "2001.07.24"]
[Round "5"]
[White "Chu, Stefanie"]
[Black "Bolduc, Steve"]
[Result "1/2-1/2"]
[WhiteElo "2020"]
[BlackElo "2204"]
[PlyCount "42"]
[GameId "2160767911555499"]
[EventDate "2001.07.21"]
[EventType "swiss"]
[EventRounds "9"]
[EventCountry "CAN"]
[SourceTitle "EXT 2002"]
[Source "ChessBase"]
[SourceDate "2001.11.25"]
[SourceVersion "1"]
[SourceVersionDate "2001.11.25"]
[SourceQuality "1"]

1. e4 Nf6 2. e5 Nd5 3. Nc3 Nxc3 4. dxc3 d6 5. Bf4 g6 6. Bc4 Bg7 7. Nf3 Nc6 8. Qe2 O-O 9. O-O-O Bg4 10. e6 fxe6 11. Bxe6+ Bxe6 12. Qxe6+ Kh8 13. Bg5 Qc8 14. Rhe1 Qxe6 15. Rxe6 Bf6 16. Bxf6+ Rxf6 17. Rxf6 exf6 18. Re1 Kg8 19. Nd4 Nxd4 20. cxd4 Kf7 21. Kd2 a5 1/2-1/2

[Event "Quebec op"]
[Site "Montreal CAN"]
[Date "2001.07.24"]
[Round "5"]
[White "Constantineau, Yvan"]
[Black "Trottier, Julie"]
[Result "1-0"]
[WhiteElo "2169"]
[BlackElo "1967"]
[PlyCount "53"]
[GameId "2160767911555500"]
[EventDate "2001.07.21"]
[EventType "swiss"]
[EventRounds "9"]
[EventCountry "CAN"]

1. d4 Nf6 2. c4 e6 3. Nc3 Bb4 4. e3 d5 5. cxd5 exd5 6. Bd3 O-O 7. Nge2 Bg4 8. f3 Bh5 9. O-O c6 10. g4 Bg6 11. Ng3 Bxd3 12. Qxd3 Nbd7 13. Bd2 Nb6 14. Rae1 Qc7 15. Rf2 Rac8 16. b3 a6 17. g5 Nfd7 18. Nf5 g6 19. Nh6+ Kg7 20. e4 Rfe8 21. Rfe2 Bd6 22. e5 Nxe5 23. dxe5 Bxe5 24. f4 Bxc3 25. Bxc3+ Kf8 26. Qd4 Re6 27. Qg7+ 1-0

[Event "Quebec op"]
[Site "Montreal CAN"]
[Date "2001.07.24"]
[Round "5"]
[White "Cuartas, Carlos"]
[Black "Fillion, Steve"]
[Result "1-0"]
[WhiteElo "2302"]
[BlackElo "2151"]
[PlyCount "89"]
[GameId "2160767911555501"]
[EventDate "2001.07.21"]
[EventType "swiss"]
[EventRounds "9"]
[EventCountry "CAN"]
[SourceTitle "EXT 2002"]
[Source "ChessBase"]
[SourceDate "2001.11.25"]
[SourceVersion "1"]
[SourceVersionDate "2001.11.25"]
[SourceQuality "1"]

1. e4 e6 2. d3 c5 3. Nf3 Nc6 4. g3 g6 5. Bg2 Bg7 6. O-O Nge7 7. c3 O-O 8. Be3 d6 9. d4 cxd4 10. Nxd4 a6 11. Nxc6 bxc6 12. Nd2 Rb8 13. Qc2 Qc7 14. Rfd1 Rd8 15. Rab1 e5 16. b4 Be6 17. Nb3 h6 18. Qe2 Ra8 19. a4 Kh7 20. a5 Nc8 21. Qc2 Bc4 22. Nd2 Be6 23. Nb3 Bc4 24. Bf1 Bxf1 25. Kxf1 Qe7 26. Kg2 Bf6 27. Rd3 Bg5 28. Rbd1 Bxe3 29. Rxe3 Qg5 30. h4 Qe7 31. Red3 Rf8 32. Rf3 Qe6 33. h5 g5 34. Re3 Qg4 35. Qe2 Qe6 36. Nd2 Ra7 37. Nc4 f6 38. Nb6 Ne7 39. Red3 Rd8 40. Qd2 Qg4 41. f3 Qxh5 42. Rxd6 Rxd6 43. Qxd6 Qf7 44. Qb8 Ng6 45. Qxa7 1-0

[Event "Quebec op"]
[Site "Montreal CAN"]
[Date "2001.07.24"]
[Round "5"]
[White "Dubuc, Gabriel"]
[Black "Audet-Bouchard, Nicolas"]
[Result "0-1"]
[WhiteElo "2023"]
[BlackElo "2060"]
[PlyCount "104"]
[GameId "2160767911555502"]
[EventDate "2001.07.21"]
[EventType "swiss"]
[EventRounds "9"]
[EventCountry "CAN"]

1. e4 c5 2. Nc3 Nc6 3. g3 g6 4. Bg2 Bg7 5. d3 e6 6. Nf3 d6 7. O-O Nge7 8. Be3 Nd4 9. Nh4 O-O 10. Qd2 Rb8 11. Nd1 f5 12. c3 Ndc6 13. Bh6 b6 14. Bxg7 Kxg7 15. exf5 exf5 16. Ne3 Bb7 17. Rae1 Ne5 18. f4 Bxg2 19. Nhxg2 N5c6 20. g4 fxg4 21. Nxg4 Nf5 22. Re6 Qd7 23. Rfe1 Ne5 24. Rxd6 Nf3+ 25. Kf2 Qxd6 26. Kxf3 Qd5+ 27. Kf2 Qxa2 28. Re5 Rbd8 29. Qe2 Rf7 30. h4 h5 31. Rxf5 gxf5 32. Ne5 Rf6 33. Qxh5 Qe6 34. Qg5+ Kh7 35. Ne3 Rg8 36. Qh5+ Rh6 37. Qxf5+ Qxf5 38. Nxf5 Rh5 39. Ne7 Rg7 40. N5c6 Rxh4 41. f5 Rh2+ 42. Kf3 Rxb2 43. d4 Rb3 44. d5 Rxc3+ 45. Kf4 Rd3 46. f6 Rf7 47. Kf5 Rf3+ 48. Ke5 R7xf6 49. d6 Kg7 50. Ke4 Rf1 51. Nf5+ R6xf5 52. d7 Rf8 0-1

[Event "Quebec op"]
[Site "Montreal CAN"]
[Date "2001.07.24"]
[Round "5"]
[White "Feoktistov, Dmitri"]
[Black "Vaingorten, Yaaqov"]
[Result "1/2-1/2"]
[WhiteElo "2009"]
[BlackElo "2194"]
[PlyCount "53"]
[GameId "2160767911555503"]
[EventDate "2001.07.21"]
[EventType "swiss"]
[EventRounds "9"]
[EventCountry "CAN"]
[SourceTitle "EXT 2002"]
[Source "ChessBase"]
[SourceDate "2001.11.25"]
[SourceVersion "1"]
[SourceVersionDate "2001.11.25"]
[SourceQuality "1"]

1. d4 Nf6 2. c4 e6 3. Nf3 b6 4. g3 Ba6 5. Qa4 c5 6. Bg2 Bb7 7. O-O cxd4 8. Nxd4 Bxg2 9. Kxg2 Be7 10. Nc3 Qc7 11. Rd1 a6 12. Kg1 Qb7 13. Bg5 O-O 14. Rd2 d6 15. Rad1 Rc8 16. Bxf6 Bxf6 17. Nf3 Be7 18. h4 Nd7 19. Ng5 Nf6 20. Rd4 b5 21. cxb5 axb5 22. Qxb5 Qxb5 23. Nxb5 h6 24. Nf3 d5 25. Nc3 Ne4 26. Nxe4 dxe4 27. Rxe4 1/2-1/2

[Event "Quebec op"]
[Site "Montreal CAN"]
[Date "2001.07.24"]
[Round "5"]
[White "Gilman, Arkadiy"]
[Black "Grondin, Jean-Philippe"]
[Result "1/2-1/2"]
[WhiteElo "2115"]
[BlackElo "2217"]
[PlyCount "92"]
[GameId "2160767911555504"]
[EventDate "2001.07.21"]
[EventType "swiss"]
[EventRounds "9"]
[EventCountry "CAN"]

1. d4 d5 2. c4 Nc6 3. Nf3 e5 4. cxd5 Qxd5 5. Nc3 Bb4 6. dxe5 Qxd1+ 7. Kxd1 Bg4 8. Bf4 O-O-O+ 9. Kc1 Nge7 10. e3 Ng6 11. Be2 Bxf3 12. Bxf3 Ncxe5 13. Bxe5 Nxe5 14. Be2 h5 15. Rf1 Rh6 16. Kc2 Rhd6 17. Rad1 Rxd1 18. Bxd1 Rd6 19. Be2 Rg6 20. g3 Rc6 21. Rd1 Bxc3 22. bxc3 Rf6 23. f4 Ng4 24. Kd2 g6 25. Bxg4+ hxg4 26. Ke2 Rc6 27. Rd3 Rc5 28. Kf2 Rb5 29. Rd2 Rb1 30. Ke2 f5 31. Kd3 Re1 32. h3 gxh3 33. Rh2 Rd1+ 34. Kc4 Rd6 35. Rxh3 Kd7 36. Rh7+ Kc6 37. Re7 b5+ 38. Kb3 a5 39. a4 bxa4+ 40. Kxa4 Kb6 41. Re5 Rc6 42. Rb5+ Ka6 43. Rxa5+ Kb6 44. Rb5+ Ka6 45. Rb3 Rc4+ 46. Ka3 Re4 1/2-1/2